Вісник Національного банку України (Запис № 198728)
[ простий вигляд ]
| 000 -LEADER | |
|---|---|
| fixed length control field | 01177nam a22002297c 4500 |
| 001 - CONTROL NUMBER | |
| control field | 50922 |
| 003 - CONTROL NUMBER IDENTIFIER | |
| control field | UA-OsUOA |
| 005 - DATE AND TIME OF LATEST TRANSACTION | |
| control field | 20190622134139.0 |
| 008 - FIXED-LENGTH DATA ELEMENTS--GENERAL INFORMATION | |
| fixed length control field | 190621b un ||||| |||| 00| 0 ukr d |
| 022 ## - INTERNATIONAL STANDARD SERIAL NUMBER | |
| International Standard Serial Number | 2310-2624 |
| 040 ## - CATALOGING SOURCE | |
| Transcribing agency | UA-OsUOA |
| 041 ## - LANGUAGE CODE | |
| Language code of text/sound track or separate title | ukr |
| 080 ## - UNIVERSAL DECIMAL CLASSIFICATION NUMBER | |
| Universal Decimal Classification number | 330(477) |
| 090 ## - LOCALLY ASSIGNED LC-TYPE CALL NUMBER (OCLC); LOCAL CALL NUMBER (OCLC) | |
| Local cutter number (OCLC) ; Book number/undivided call number, CALL (RLIN) | В-22 |
| 245 ## - TITLE STATEMENT | |
| Title | Вісник Національного банку України |
| Remainder of title | Щомісячний науково-практичний журнал Національного банку України |
| 260 ## - PUBLICATION, DISTRIBUTION, ETC. (IMPRINT) | |
| Place of publication, distribution, etc | К. |
| 300 ## - PHYSICAL DESCRIPTION | |
| Other physical details | Журнал |
| 520 ## - SUMMARY, ETC. | |
| Summary, etc | Вісник Національного банку України" – це журнал, в якому публікуються теоретичні та емпіричні дослідження у сфері економіки, фінансів та банківської справи. Метою журналу є розширення комунікацій центрального банку з академічною спільнотою, підвищення |
| 856 ## - ELECTRONIC LOCATION AND ACCESS | |
| Uniform Resource Identifier | <a href="https://bank.gov.ua/control/uk/publish/article?art_id=42551443&&cat_id=58429">https://bank.gov.ua/control/uk/publish/article?art_id=42551443&&cat_id=58429</a> |
| 942 ## - ADDED ENTRY ELEMENTS (KOHA) | |
| Koha item type | Книги |
| Source of classification or shelving scheme | Universal Decimal Classification |
| Withdrawn status | Lost status | Source of classification or shelving scheme | Damaged status | Not for loan | Home library | Current library | Date acquired | Total Checkouts | Full call number | Barcode | Date last seen | Price effective from | Koha item type |
|---|---|---|---|---|---|---|---|---|---|---|---|---|---|
| Universal Decimal Classification | ВП - Відділ періодики НБ | ВП - Відділ періодики НБ | 22/06/2019 | 330(477) | 3000051 | 22/06/2019 | 22/06/2019 | Журнал |